| 000 | 01607namaa22003371i 4500 | ||
|---|---|---|---|
| 005 | 20260124104008.0 | ||
| 008 | 260101s1995 ua a|||frm||| 000 0 eng d | ||
| 040 |
_aEG-GICUC _beng _cEG-GICUC _dEG-GICUC _erda |
||
| 041 | 0 |
_aeng _beng _bara |
|
| 049 | _aDeposit | ||
| 097 | _aPh.D | ||
| 099 | _aCai01.09.11.Ph.D.1995.Hi.C. | ||
| 100 | 0 |
_aHisham Abdel Hakam A. Hassan, _epreparation. |
|
| 245 | 1 | 0 |
_aCorrelation between clinical staging and histopathological grading on reconstructive intervention of maxillary carcinoma / _cBy Hisham Abdel Hakam A. Hassan; Supervisors Dr. Ahmad Mokhtar El Mardenly, Dr. Maged Elshinnawy, Dr. Salah Hamed Sherif, Dr. Hussein El tanany |
| 246 | 1 | 5 | _aالتوافق بين التصنيف الاكلينيكي والهستوباثولوجي في عملية بناء الفك في حالات سرطان الفك العلوي |
| 264 | 0 | _c1995. | |
| 300 |
_a193 Leaves : _billustrations _c30 cm. + |
||
| 336 |
_2rda content _atext |
||
| 337 |
_2rdamedia _aUnmediated |
||
| 338 |
_2rdacarrier _avolume |
||
| 502 | _aThesis (Ph.D)-Cairo University, 1995. | ||
| 504 | _aBibliography: pages 164-193 | ||
| 653 | 0 | _amaxillary carcinoma | |
| 700 | 0 |
_aAhmad Mokhtar El Mardenly _ethesis advisor. |
|
| 700 | 0 |
_aHussein El Tanany _ethesis advisor. |
|
| 700 | 0 |
_aSalah Hamed Sherif _ethesis advisor. |
|
| 700 | 0 |
_aMaged Elshinnawy _ethesis advisor. |
|
| 900 |
_DDepartment of Oral Sugery _FFaculty of Medicine _UCairo University _b1995 _cAhmad Mokhtar El Mardenly _cHussein El Tanany _cSalah Hamed Sherif _cMaged Elshinnawy |
||
| 905 |
_aNehad _eNourhan |
||
| 942 |
_2ddc _cTH _e21 _n0 |
||
| 999 | _c177280 | ||